000 00307nam a22001337a 4500
008 170302b xxu||||| |||| 00| 0 eng d
020 _a096284443
041 _aeng
080 _22ND
_a616.073
100 _a6
101 _aSHM
245 _aUNDERSTANDING ULSTRASOUND PHYSICS
_cEDELMAN, S.K
942 _2udc
_cBK
999 _c6614
_d6614